| 000 | 00448nam a2200169Ia 4500 | ||
|---|---|---|---|
| 005 | 20250304105104.0 | ||
| 008 | 231217s9999 xx 000 0 und d | ||
| 020 | _a9788131719459 | ||
| 082 | _a001.6424JAV HOR.1;35 | ||
| 100 | _aHorstmann, Cay S. Cornell, Gary. | ||
| 245 | 0 | _aCore Java V.1 : fundamentals | |
| 250 | _a8th ed. | ||
| 260 |
_c2008 _bDorling kindersley _aNoida |
||
| 300 | _axxvi, 836 | ||
| 650 | _aCore,Java,V.1 | ||
| 942 | _cAA | ||
| 999 |
_c193754 _d193754 |
||